[Event "Campeonato del Mundo sub-20 2010"]
[Site "Chotowa POL"]
[Date "2010.08.05"]
[Round "3.47"]
[White "Akkozov, Berik"]
[Black "Lewtak, Damian"]
[Result "0-1"]
[WhiteElo "2328"]
[BlackElo "2008"]
[PlyCount "137"]
[EventDate "2010.08.03"]
[EventType "swiss"]
[EventRounds "13"]
[EventCountry "POL"]
[Source "lmi"]
[SourceDate "2010.08.03"]

1. d4 d5 2. Nf3 Nf6 3. c4 c6 4. Nc3 dxc4 5. a4 Bf5 6. Ne5 Nbd7 7. Nxc4 Nb6 8.
Ne5 a5 9. f3 Nfd7 10. Nxd7 Nxd7 11. e4 Bg6 12. Be2 e6 13. O-O Bb4 14. Qb3 Qc7
15. Be3 O-O 16. Rac1 Rad8 17. d5 Bc5 18. Nd1 cxd5 19. exd5 exd5 20. Kh1 Qb6 21.
Qxb6 Bxb6 22. Bg5 f6 23. Bd2 Ne5 24. Nf2 Rc8 25. Nh3 Bd3 26. Nf4 Bxe2 27. Nxe2
Nd3 28. Rxc8 Rxc8 29. Bc3 Kf7 30. h3 Re8 31. Nd4 Ne5 32. Rd1 Nc6 33. Nb5 Rd8
34. Be1 Bc5 35. f4 f5 36. g3 d4 37. Rd3 Re8 38. Bd2 b6 39. b3 Ke7 40. Kg2 Kd7
41. Kf1 h5 42. h4 Kc8 43. Kg2 Kb8 44. Kf1 Re4 45. Kf2 Na7 46. Kf3 g6 47. Bc1
Nxb5 48. axb5 Kc7 49. Bb2 Kd6 50. Kf2 Kd5 51. Kf1 Bb4 52. Rd1 Kc5 53. Rd3 Be1
54. Ba1 Bc3 55. Bxc3 dxc3 56. Rxc3+ Kxb5 57. Rd3 Re6 58. Kf2 Kb4 59. Kf3 b5 60.
Rd5 a4 61. bxa4 bxa4 62. Re5 Rd6 63. Re8 a3 64. Ra8 Kb3 65. Rb8+ Kc3 66. Rc8+
Kb2 67. Rb8+ Ka2 68. Rb7 Ra6 69. Ke2 0-1

[Event "Campeonato del Mundo sub-20 2010"]
[Site "Chotowa POL"]
[Date "2010.08.05"]
[Round "3.51"]
[White "Gator, Mosab"]
[Black "Posedaru, Bogdan"]
[Result "1-0"]
[WhiteElo "2121"]
[BlackElo "2294"]
[PlyCount "99"]
[EventDate "2010.08.03"]
[EventType "swiss"]
[EventRounds "13"]
[EventCountry "POL"]
[Source "lmi"]
[SourceDate "2010.08.03"]

1. e4 c5 2. Nf3 Nc6 3. d4 cxd4 4. Nxd4 Qb6 5. Nb3 Nf6 6. Bd3 e6 7. Nc3 Qc7 8.
O-O a6 9. Be3 d6 10. a3 Be7 11. f4 O-O 12. g4 b5 13. g5 Nd7 14. Qh5 g6 15. Qh6
Re8 16. Rf3 Bf8 17. Qh4 Bg7 18. Raf1 Nf8 19. Rh3 b4 20. Nd1 bxa3 21. bxa3 a5
22. Nf2 a4 23. Nd2 Ba6 24. Ng4 Bxd3 25. cxd3 Ra5 26. Nc4 Rb5 27. Nh6+ Bxh6 28.
gxh6 f5 29. e5 dxe5 30. fxe5 Nxe5 31. Nxe5 Qxe5 32. Bd4 Qc7 33. Ba1 Qb6+ 34.
Kg2 e5 35. Qxa4 Ne6 36. Bxe5 Qc6+ 37. Kg1 Ng5 38. Rg3 Ra8 39. Qf4 Nf7 40. Ba1
Rxa3 41. Rc1 Qb6+ 42. Bd4 Qd8 43. Ba1 Qb8 44. Qh4 Ra2 45. Rxg6+ hxg6 46. h7+
Kf8 47. h8=Q+ Nxh8 48. Qxh8+ Kf7 49. Qg7+ Ke6 50. Re1+ 1-0

[Event "Campeonato del Mundo sub-20 2010"]
[Site "Chotowa POL"]
[Date "2010.08.05"]
[Round "3.54"]
[White "Pecha, Tomas"]
[Black "Zecevic, Ivan"]
[Result "1-0"]
[WhiteElo "2187"]
[BlackElo "1995"]
[PlyCount "79"]
[EventDate "2010.08.03"]
[EventType "swiss"]
[EventRounds "13"]
[EventCountry "POL"]
[Source "lmi"]
[SourceDate "2010.08.03"]

1. e4 c5 2. Nf3 Nc6 3. d4 cxd4 4. Nxd4 Nf6 5. Nc3 d6 6. Bg5 e6 7. Qd2 a6 8.
O-O-O h6 9. Nxc6 bxc6 10. Be3 Qa5 11. Kb1 Rb8 12. f3 Qb4 13. b3 a5 14. Qe1 e5
15. Bd2 Qa3 16. Bc4 Be6 17. Bxe6 fxe6 18. Ka1 Qc5 19. Na4 Qxc2 20. Qe2 Nd5 21.
exd5 cxd5 22. Rc1 Qg6 23. Bxa5 Be7 24. Bc7 Ra8 25. Qc2 Qf6 26. Nb6 Ra6 27. Qe2
Ra7 28. Nc8 e4+ 29. Kb1 exf3 30. Qc2 fxg2 31. Rhg1 Ra6 32. Rxg2 O-O 33. Rg6 Qh4
34. Nxe7+ Qxe7 35. Qe2 Rc8 36. Rxe6 Qf7 37. Rc2 Qf5 38. a4 Kh7 39. Kb2 Qf4 40.
Qd3+ 1-0

[Event "Campeonato del Mundo sub-20 2010"]
[Site "Chotowa POL"]
[Date "2010.08.05"]
[Round "3.55"]
[White "Drnovsek, Nejc"]
[Black "Guo-yuthok, Sherab"]
[Result "0-1"]
[WhiteElo "2173"]
[BlackElo "1975"]
[PlyCount "71"]
[EventDate "2010.08.03"]
[EventType "swiss"]
[EventRounds "13"]
[EventCountry "POL"]
[Source "lmi"]
[SourceDate "2010.08.03"]

1. d4 f5 2. g3 Nf6 3. Bg2 g6 4. Nf3 Bg7 5. c4 O-O 6. O-O d6 7. Nc3 c6 8. d5 e5
9. dxe6 Bxe6 10. b3 Re8 11. Rb1 h6 12. Nd4 Bf7 13. Bb2 a5 14. h4 Nbd7 15. e3
Nc5 16. Qc2 Nfe4 17. Nde2 g5 18. Nxe4 Nxe4 19. Bxg7 Kxg7 20. Nd4 Qf6 21. Qb2
Bg6 22. Nf3 f4 23. exf4 gxf4 24. Qxf6+ Kxf6 25. Rbd1 fxg3 26. fxg3 Nxg3 27.
Rxd6+ Kg7 28. Rd7+ Kg8 29. Rfd1 Ne2+ 30. Kf2 Nc3 31. R1d4 Ne4+ 32. Kg1 Nc5 33.
R7d6 Kh7 34. Nd2 Re1+ 35. Kf2 Rae8 36. Bf3 0-1

[Event "Campeonato del Mundo sub-20 2010"]
[Site "Chotowa POL"]
[Date "2010.08.05"]
[Round "3.56"]
[White "Kaleta, Blazej"]
[Black "Green, Andrew D"]
[Result "1/2-1/2"]
[WhiteElo "1944"]
[BlackElo "2172"]
[PlyCount "65"]
[EventDate "2010.08.03"]
[EventType "swiss"]
[EventRounds "13"]
[EventCountry "POL"]
[Source "lmi"]
[SourceDate "2010.08.03"]

1. d4 Nf6 2. c4 g6 3. Nc3 Bg7 4. e4 d6 5. h3 O-O 6. Nf3 e5 7. d5 Na6 8. Bg5 Qe8
9. g4 Nd7 10. Rg1 Kh8 11. Nd2 Ndc5 12. a3 Bd7 13. b4 Na4 14. Nb5 Bxb5 15. cxb5
Nc3 16. Qc1 Nxb5 17. Nb3 c6 18. dxc6 bxc6 19. a4 Nbc7 20. b5 Nb8 21. Na5 Ne6
22. bxc6 Nd4 23. Rg3 Nbxc6 24. Nxc6 Qxc6 25. Qxc6 Nxc6 26. Rc1 Nd4 27. Rgc3
Rfe8 28. Bc4 Rac8 29. Bxf7 Rxc3 30. Rxc3 Rb8 31. Be7 Bf8 32. Bf6+ Bg7 33. Be7
1/2-1/2

[Event "Campeonato del Mundo sub-20 2010"]
[Site "Chotowa POL"]
[Date "2010.08.05"]
[Round "3.58"]
[White "Herman, Jean"]
[Black "Parol, Pawel"]
[Result "1-0"]
[WhiteElo "2094"]
[BlackElo "1764"]
[PlyCount "48"]
[EventDate "2010.08.03"]
[EventType "swiss"]
[EventRounds "13"]
[EventCountry "POL"]
[Source "lmi"]
[SourceDate "2010.08.03"]

1. d4 d5 2. c4 c6 3. Nf3 Nf6 4. Nc3 dxc4 5. a4 Bf5 6. e3 e6 7. Bxc4 Bb4 8. O-O
Nbd7 9. Qe2 O-O 10. e4 Bg6 11. Bd3 Rc8 12. Rd1 Qa5 13. e5 Nd5 14. Bxg6 hxg6 15.
Ne4 Rc7 16. Nfg5 Rb8 17. h4 b5 18. h5 Nf8 19. hxg6 Nxg6 20. Qh5 Nde7 21. Nd6
Bxd6 22. exd6 Rd7 23. dxe7 Rxe7 24. Bd2 b4 1-0

[Event "Campeonato del Mundo sub-20 2010"]
[Site "Chotowa POL"]
[Date "2010.08.05"]
[Round "3.60"]
[White "Jasiak, Filip"]
[Black "Pierard, Florian"]
[Result "1/2-1/2"]
[WhiteElo "1757"]
[BlackElo "2081"]
[PlyCount "101"]
[EventDate "2010.08.03"]
[EventType "swiss"]
[EventRounds "13"]
[EventCountry "POL"]
[Source "lmi"]
[SourceDate "2010.08.03"]

1. d4 d5 2. c4 c6 3. Nc3 Nf6 4. Nf3 e6 5. Bg5 Be7 6. e3 Nbd7 7. Bd3 O-O 8. O-O
dxc4 9. Bxc4 b5 10. Bd3 Bb7 11. a3 a5 12. Nb1 Qb6 13. Qe2 b4 14. Nbd2 c5 15. a4
cxd4 16. Nxd4 Ne5 17. Nc4 Nxc4 18. Bxc4 Rac8 19. Rac1 Rc5 20. Bh4 Rfc8 21. Nb3
R5c7 22. f3 Bc6 23. Bf2 Qa7 24. e4 Qa8 25. Ba6 Bb7 26. Bb5 Rxc1 27. Rxc1 Rxc1+
28. Nxc1 Qc8 29. Nb3 Bd8 30. Qc4 Qxc4 31. Bxc4 Bc6 32. Nc5 Bb6 33. b3 Ne8 34.
Nd3 Bxf2+ 35. Kxf2 Nd6 36. Nb2 Kf8 37. Ke3 e5 38. g4 Ke7 39. Bd5 Bd7 40. Nc4
Nxc4+ 41. Bxc4 h5 42. h3 hxg4 43. hxg4 f6 44. Kd3 Kd6 45. Bf7 Bc8 46. Bc4 Kc5
47. Ke3 Bd7 48. Kd3 Be8 49. Be6 Bc6 50. Bf7 Bd7 51. Bc4 1/2-1/2

[Event "Campeonato del Mundo sub-20 2010"]
[Site "Chotowa POL"]
[Date "2010.08.06"]
[Round "4.1"]
[White "Tomczak, Jacek"]
[Black "Swiercz, Dariusz"]
[Result "1/2-1/2"]
[WhiteElo "2509"]
[BlackElo "2492"]
[PlyCount "73"]
[EventDate "2010.08.03"]
[EventType "swiss"]
[EventRounds "13"]
[EventCountry "POL"]
[Source "lmi"]
[SourceDate "2010.08.03"]

1. e4 c5 2. Nf3 d6 3. d4 cxd4 4. Nxd4 Nf6 5. Nc3 e6 6. Bc4 a6 7. Bb3 b5 8. O-O
Be7 9. Qf3 Qc7 10. Qg3 O-O 11. Bh6 Ne8 12. Rad1 b4 13. Nce2 Bf6 14. Bg5 Bxg5
15. Qxg5 Nf6 16. Qe3 e5 17. Nf3 a5 18. c3 a4 19. Bd5 Nxd5 20. Rxd5 Be6 21. Rd2
Nc6 22. cxb4 Nxb4 23. Rc1 Qe7 24. a3 Na6 25. Rc6 Rfd8 26. Nc3 Nc5 27. Nd5 Bxd5
28. Rxd5 Rab8 29. Qe2 Ne6 30. Qd2 Qb7 31. Rc4 Qxb2 32. Qxb2 Rxb2 33. h3 Ra8 34.
Rxd6 Rb3 35. Rdc6 g6 36. Rc3 Ra5 37. Nd2 1/2-1/2

[Event "Campeonato del Mundo sub-20 2010"]
[Site "Chotowa POL"]
[Date "2010.08.06"]
[Round "4.2"]
[White "Delorme, Axel"]
[Black "Stupak, Kirill"]
[Result "1/2-1/2"]
[WhiteElo "2455"]
[BlackElo "2504"]
[PlyCount "78"]
[EventDate "2010.08.03"]
[EventType "swiss"]
[EventRounds "13"]
[EventCountry "POL"]
[Source "lmi"]
[SourceDate "2010.08.03"]

1. c4 e6 2. d4 Nf6 3. g3 Bb4+ 4. Bd2 Bxd2+ 5. Qxd2 O-O 6. Bg2 d5 7. Nf3 c6 8.
Qc2 Nbd7 9. O-O b6 10. Nbd2 Bb7 11. b4 Qe7 12. c5 a5 13. a3 Ba6 14. Rfe1 axb4
15. axb4 Bb5 16. e4 Nxe4 17. Nxe4 dxe4 18. Qxe4 Nf6 19. Qc2 Nd5 20. Qd2 Qb7 21.
Ne5 Qe7 22. Nf3 Qb7 23. Ne5 Rad8 24. Ra3 bxc5 25. bxc5 Ne7 26. g4 f6 27. Nf3
Bc4 28. Qe3 Bd5 29. Nd2 Rfe8 30. Ne4 Bxe4 31. Qxe4 Nd5 32. Qe3 Ne7 33. Qe4 Nd5
34. Rea1 Rd7 35. Qb1 Qxb1+ 36. Rxb1 Ne7 37. Ra6 Rxd4 38. h3 h5 39. gxh5 Red8
1/2-1/2

[Event "Campeonato del Mundo sub-20 2010"]
[Site "Chotowa POL"]
[Date "2010.08.06"]
[Round "4.5"]
[White "Baryshpolets, Andrey"]
[Black "Sjugirov, Sanan"]
[Result "1-0"]
[WhiteElo "2450"]
[BlackElo "2610"]
[PlyCount "105"]
[EventDate "2010.08.03"]
[EventType "swiss"]
[EventRounds "13"]
[EventCountry "POL"]
[Source "lmi"]
[SourceDate "2010.08.03"]

1. d4 d5 2. c4 c6 3. Nf3 Nf6 4. Nc3 e6 5. Bg5 h6 6. Bxf6 Qxf6 7. e3 g6 8. Bd3
Bg7 9. O-O O-O 10. cxd5 exd5 11. b4 Qd6 12. Rb1 Be6 13. Qc2 Nd7 14. Rfc1 Rac8
15. h3 f5 16. Na4 g5 17. Nc5 Nxc5 18. Qxc5 Qd8 19. Qxa7 g4 20. Ne5 gxh3 21. g3
Qg5 22. Qxb7 f4 23. exf4 Rxf4 24. Rxc6 Rff8 25. Rf1 Rb8 26. Qc7 Rbc8 27. Qb6
Rb8 28. Qc5 Rxf2 29. Kxf2 Qd2+ 30. Be2 Rf8+ 31. Qxf8+ Kxf8 32. Rxe6 Kg8 33. Rc6
Kf8 34. Re6 Bxe5 35. Rxe5 Qxd4+ 36. Re3 Kg7 37. Rd1 Qxb4 38. Rxd5 Qb7 39. Ree5
Qa7+ 40. Rc5 Qxa2 41. Kg1 Qa8 42. Rcd5 Qa1+ 43. Kh2 Qe1 44. Rd7+ Kf6 45. Rde7
Qa1 46. R7e6+ Kg7 47. Kxh3 Qh1+ 48. Kg4 Qa1 49. Kh3 Qh1+ 50. Kg4 Qa1 51. Bf3
Qf1 52. Re7+ Kf8 53. Rc7 1-0

[Event "Campeonato del Mundo sub-20 2010"]
[Site "Chotowa POL"]
[Date "2010.08.06"]
[Round "4.6"]
[White "Matlakov, Maxim"]
[Black "Salem, A.R. Saleh"]
[Result "1/2-1/2"]
[WhiteElo "2603"]
[BlackElo "2469"]
[PlyCount "88"]
[EventDate "2010.08.03"]
[EventType "swiss"]
[EventRounds "13"]
[EventCountry "POL"]
[Source "lmi"]
[SourceDate "2010.08.03"]

1. c4 e5 2. Nc3 Nf6 3. Nf3 Nc6 4. g3 d5 5. cxd5 Nxd5 6. Bg2 Nb6 7. O-O Be7 8.
d3 g5 9. Be3 g4 10. Nd2 Nd4 11. Nc4 Nxc4 12. dxc4 c6 13. Qa4 Bd7 14. Rad1 Qb6
15. Rd2 O-O-O 16. Rc1 h6 17. Qd1 Bf5 18. c5 Qa5 19. a3 Be6 20. Bxd4 exd4 21.
Rxd4 Bxc5 22. Rxd8+ Rxd8 23. Qc2 Bd4 24. Na4 Qf5 25. Qxf5 Bxf5 26. Kf1 Be6 27.
e3 Be5 28. Ke2 f5 29. Nc5 Bf7 30. Nd3 Bg7 31. b4 Kb8 32. a4 Bb3 33. Nc5 Bf7 34.
b5 Rd6 35. bxc6 bxc6 36. Na6+ Kb7 37. Nb4 Be8 38. a5 Kc7 39. Na6+ Kd8 40. Nb4
Kc7 41. Na6+ Kc8 42. f4 gxf3+ 43. Bxf3 Re6 44. Kf2 Bf8 1/2-1/2

[Event "Campeonato del Mundo sub-20 2010"]
[Site "Chotowa POL"]
[Date "2010.08.06"]
[Round "4.7"]
[White "Saric, Ivan"]
[Black "Sieciechowicz, Marcin"]
[Result "1/2-1/2"]
[WhiteElo "2584"]
[BlackElo "2445"]
[PlyCount "75"]
[EventDate "2010.08.03"]
[EventType "swiss"]
[EventRounds "13"]
[EventCountry "POL"]
[Source "lmi"]
[SourceDate "2010.08.03"]

1. e4 e6 2. d4 d5 3. Nc3 Nf6 4. e5 Nfd7 5. f4 c5 6. Nf3 Nc6 7. Be3 a6 8. Qd2 b5
9. Ne2 Qb6 10. c3 f6 11. Rd1 Be7 12. exf6 Nxf6 13. dxc5 Bxc5 14. Bxc5 Qxc5 15.
Ned4 Ne4 16. Qe3 O-O 17. Bd3 Nxd4 18. Nxd4 e5 19. fxe5 Bg4 20. Rc1 Rae8 21.
Bxe4 dxe4 22. Qg3 Bh5 23. e6 b4 24. Rf1 Qc4 25. Rxf8+ Rxf8 26. Kd2 Qxa2 27. e7
Re8 28. Qe5 bxc3+ 29. Rxc3 Qxb2+ 30. Nc2 Bg6 31. Qe6+ Kh8 32. Rc8 Qb5 33. Rxe8+
Bxe8 34. Qxe4 a5 35. Nd4 Qb4+ 36. Kc1 a4 37. Qe3 h6 38. Nc2 1/2-1/2

[Event "Campeonato del Mundo sub-20 2010"]
[Site "Chotowa POL"]
[Date "2010.08.06"]
[Round "4.8"]
[White "Cordova Daza, Emilio Arturo"]
[Black "Debashis, Das"]
[Result "1-0"]
[WhiteElo "2560"]
[BlackElo "2411"]
[PlyCount "80"]
[EventDate "2010.08.03"]
[EventType "swiss"]
[EventRounds "13"]
[EventCountry "POL"]
[Source "lmi"]
[SourceDate "2010.08.03"]

1. d4 d5 2. Nf3 Nf6 3. c4 c6 4. Nc3 e6 5. g3 dxc4 6. Bg2 b5 7. O-O Nbd7 8. e4
Bb7 9. e5 Nd5 10. Ng5 Be7 11. Qh5 g6 12. Qh6 Bf8 13. Qh3 Be7 14. Nce4 Qb6 15.
Nd6+ Bxd6 16. exd6 Nf8 17. Re1 Bc8 18. Qh4 Qd8 19. Qh6 Rg8 20. b3 cxb3 21. Ba3
Bd7 22. axb3 f6 23. Nxh7 Kf7 24. Nxf8 Qxf8 25. Qd2 a5 26. Bc5 b4 27. f4 Nc3 28.
Re3 Nd5 29. Ree1 Nc3 30. h4 Rh8 31. Bh3 f5 32. Bg2 Nb5 33. Re5 Qb8 34. d5 cxd5
35. Bxd5 Ra6 36. Rae1 Re8 37. h5 Qc8 38. Bc4 Ra8 39. g4 Nc3 40. gxf5 Nd5 1-0

[Event "Campeonato del Mundo sub-20 2010"]
[Site "Chotowa POL"]
[Date "2010.08.06"]
[Round "4.9"]
[White "Nabaty, Tamir"]
[Black "Blomqvist, Erik"]
[Result "1-0"]
[WhiteElo "2523"]
[BlackElo "2407"]
[PlyCount "103"]
[EventDate "2010.08.03"]
[EventType "swiss"]
[EventRounds "13"]
[EventCountry "POL"]
[Source "lmi"]
[SourceDate "2010.08.03"]

1. e4 c5 2. Nf3 e6 3. d4 cxd4 4. Nxd4 a6 5. Qd3 Nf6 6. Nc3 Qc7 7. Bg5 Be7 8. f4
d6 9. O-O-O Nbd7 10. Be2 b5 11. Bxf6 Nxf6 12. Bf3 Bb7 13. e5 dxe5 14. Ndxb5
axb5 15. Qxb5+ Kf8 16. Qxb7 Qxb7 17. Bxb7 Ra7 18. fxe5 Rxb7 19. exf6 Bxf6 20.
a4 Ke7 21. Rd3 Rc8 22. Nd1 Rb4 23. b3 Re4 24. Ne3 Bg5 25. Re1 Rc5 26. c3 Rce5
27. Kd2 f5 28. g3 f4 29. gxf4 Bxf4 30. h3 Rh5 31. Kd1 Rhe5 32. Ng2 Rxe1+ 33.
Nxe1 Ra5 34. Ng2 Bc7 35. Ne3 g5 36. Nc4 Rf5 37. b4 Rf4 38. Na3 Rf1+ 39. Ke2 Ra1
40. c4 h5 41. a5 g4 42. Nb5 Bf4 43. hxg4 hxg4 44. Ra3 Rb1 45. a6 Rb2+ 46. Kd3
g3 47. a7 g2 48. a8=Q Rd2+ 49. Ke4 g1=Q 50. Qa7+ Qxa7 51. Rxa7+ Kf6 52. Kxf4
1-0

[Event "Campeonato del Mundo sub-20 2010"]
[Site "Chotowa POL"]
[Date "2010.08.06"]
[Round "4.10"]
[White "Dragun, Kamil"]
[Black "Bindrich, Falko"]
[Result "0-1"]
[WhiteElo "2379"]
[BlackElo "2522"]
[PlyCount "92"]
[EventDate "2010.08.03"]
[EventType "swiss"]
[EventRounds "13"]
[EventCountry "POL"]
[Source "lmi"]
[SourceDate "2010.08.03"]

1. e4 e5 2. Nf3 Nc6 3. Bb5 Nf6 4. O-O Nxe4 5. d4 Nd6 6. dxe5 Nxb5 7. a4 Nbd4 8.
Nxd4 Nxd4 9. Qxd4 d5 10. Nc3 c6 11. Qd3 Qd7 12. Ne2 Be7 13. f4 Qc7 14. Bd2 O-O
15. f5 Qxe5 16. Rae1 Qe4 17. Qb3 Qc4 18. Qf3 Bd7 19. b3 Qxc2 20. Bc3 Bc5+ 21.
Kh1 f6 22. b4 Bd6 23. Nd4 Qa2 24. Ne6 Bxe6 25. fxe6 Rae8 26. Qh5 d4 27. Bxd4
Rxe6 28. Qa5 a6 29. Rxe6 Qxe6 30. Qb6 Qc4 31. Rb1 Qd3 32. Re1 Qd2 33. Rb1 Re8
34. Bg1 Qc2 35. Rf1 Qc4 36. Rb1 Qc2 37. Rf1 Qxa4 38. Qxb7 Qxb4 39. Qxc6 Qb5 40.
Qf3 a5 41. Rd1 Bf8 42. Rd5 Qb4 43. Rd4 Qb5 44. Rd5 Qa6 45. Qh5 Re1 46. Rd1 Qe6
0-1

[Event "Campeonato del Mundo sub-20 2010"]
[Site "Chotowa POL"]
[Date "2010.08.06"]
[Round "4.11"]
[White "Hammer, Jon Ludvig"]
[Black "Pacher, Milan"]
[Result "1-0"]
[WhiteElo "2636"]
[BlackElo "2417"]
[PlyCount "87"]
[EventDate "2010.08.03"]
[EventType "swiss"]
[EventRounds "13"]
[EventCountry "POL"]
[Source "lmi"]
[SourceDate "2010.08.03"]

1. e4 e6 2. d4 d5 3. Nd2 c5 4. exd5 Qxd5 5. dxc5 Bxc5 6. Ngf3 Nf6 7. Bc4 Qc6 8.
Qe2 a6 9. O-O O-O 10. a3 b5 11. Bd3 Bb7 12. c4 b4 13. Nb3 Nbd7 14. Na5 Qc7 15.
Nxb7 Qxb7 16. axb4 Bxb4 17. Bf4 Rae8 18. Ne5 Nxe5 19. Qxe5 Rd8 20. Rfd1 Rd7 21.
Be2 Rc8 22. Be3 Rxd1+ 23. Rxd1 Nd7 24. Qd4 Rc7 25. Bf4 e5 26. Bxe5 Nxe5 27.
Qxe5 Bf8 28. Bf3 Qb6 29. Bd5 Re7 30. Qc3 Re2 31. Qf3 Re7 32. b3 Qb4 33. g3 g6
34. h4 Bg7 35. h5 gxh5 36. Be4 Re8 37. Bd5 Re7 38. Be4 Re8 39. Rd7 Kh8 40. Bc2
Qe1+ 41. Kg2 Qe6 42. Qxh5 Kg8 43. Bxh7+ Kf8 44. Qc5+ 1-0

[Event "Campeonato del Mundo sub-20 2010"]
[Site "Chotowa POL"]
[Date "2010.08.06"]
[Round "4.12"]
[White "Hamitevici, Vladimir"]
[Black "Salgado Lopez, Ivan"]
[Result "1/2-1/2"]
[WhiteElo "2411"]
[BlackElo "2607"]
[PlyCount "141"]
[EventDate "2010.08.03"]
[EventType "swiss"]
[EventRounds "13"]
[EventCountry "POL"]
[Source "lmi"]
[SourceDate "2010.08.03"]

1. d4 Nf6 2. c4 e6 3. Nf3 d5 4. Nc3 c6 5. Bg5 h6 6. Bxf6 Qxf6 7. Qc2 Nd7 8. e4
dxe4 9. Qxe4 g6 10. Bd3 Bg7 11. O-O O-O 12. Rfe1 a5 13. Rad1 a4 14. a3 Qf5 15.
Qe2 Qa5 16. Bc2 b5 17. c5 b4 18. Nxa4 bxa3 19. bxa3 Ba6 20. Qd2 Qxd2 21. Nxd2
Bb5 22. Nc3 Rxa3 23. Nxb5 cxb5 24. Ne4 Ra2 25. Bd3 Rb2 26. Bc2 Ra2 27. Bd3 Rb2
28. c6 Nb8 29. Rc1 Rc8 30. Bxb5 Rc7 31. Rb1 Bxd4 32. Rxb2 Bxb2 33. Re2 Be5 34.
Rc2 Kf8 35. g3 Ke7 36. Nc5 Bd4 37. Na6 Nxa6 38. Bxa6 Kd6 39. Bb7 h5 40. Kg2 Re7
41. c7 Rxc7 42. Rxc7 Kxc7 43. Ba8 Kd6 44. Bb7 Kc7 45. Ba8 Kd6 46. f4 Bf6 47.
Kf3 g5 48. h3 Kc5 49. g4 Kd4 50. Be4 Be7 51. fxg5 Bxg5 52. Bb1 Ke5 53. Bc2 Kf6
54. Ba4 Bc1 55. Bb5 Kg5 56. Be8 Kg6 57. Bb5 Ba3 58. Ba4 Bd6 59. Bb5 Kf6 60. Ba4
h4 61. Bc2 Ke5 62. Bb1 Be7 63. Bh7 Bg5 64. Bb1 Kd4 65. Bh7 f6 66. Bg8 e5 67.
Bh7 Kc3 68. Ke2 Kd4 69. Kf3 Kc3 70. Ke2 Kd4 71. Kf3 1/2-1/2

[Event "Campeonato del Mundo sub-20 2010"]
[Site "Chotowa POL"]
[Date "2010.08.06"]
[Round "4.13"]
[White "Bajarani, Ulvi"]
[Black "Nyzhnyk, Illya"]
[Result "1/2-1/2"]
[WhiteElo "2409"]
[BlackElo "2543"]
[PlyCount "151"]
[EventDate "2010.08.03"]
[EventType "swiss"]
[EventRounds "13"]
[EventCountry "POL"]
[Source "lmi"]
[SourceDate "2010.08.03"]

1. e4 c5 2. Nf3 Nc6 3. d4 cxd4 4. Nxd4 Qc7 5. Nc3 e6 6. Be2 a6 7. O-O b5 8.
Nxc6 dxc6 9. a4 Rb8 10. e5 b4 11. Ne4 Qxe5 12. Bf3 Bb7 13. g3 Rd8 14. Qe2 Qa5
15. Nd2 Qc7 16. Nc4 Nf6 17. Bf4 Qe7 18. Be5 Nd5 19. Bh5 Rg8 20. Na5 g6 21. Bf3
Bg7 22. c4 bxc3 23. Bxg7 Rxg7 24. bxc3 f6 25. c4 Nb4 26. Nxb7 Qxb7 27. Qxe6+
Qe7 28. Qg4 Kf8 29. Rae1 Qc5 30. Qh4 Rf7 31. Rd1 Re8 32. Qh6+ Kg8 33. Rfe1 Rfe7
34. Rxe7 Qxe7 35. h4 c5 36. Bg4 Rd8 37. Be6+ Kh8 38. Rxd8+ Qxd8 39. Bf7 g5 40.
hxg5 fxg5 41. Bg6 Qe7 42. Bf5 Kg8 43. Kg2 Qb7+ 44. f3 Qg7 45. Qe6+ Qf7 46. Qc8+
Qf8 47. Bxh7+ Kg7 48. Qc7+ Kf6 49. Qd7 Ke5 50. Be4 Qg8 51. Bh7 Qf8 52. Be4 Qg8
53. Qd2 a5 54. Qc3+ Ke6 55. g4 Qd8 56. Qg7 Qf6 57. Qc7 Qe5 58. Qc8+ Ke7 59. Kh3
Kf7 60. Qd7+ Kf6 61. Qh7 Qf4 62. Qg6+ Ke5 63. Qg7+ Qf6 64. Qd7 Qe6 65. Qc7+ Qd6
66. Qg7+ Kf4 67. Qc3 Qd4 68. Qc1+ Qe3 69. Qb2 Qd4 70. Qe2 Qh8+ 71. Kg2 Qd4 72.
Bb7 Nd3 73. Be4 Nb4 74. Kf1 Qa1+ 75. Kf2 Qc3 76. Bf5 1/2-1/2

[Event "Campeonato del Mundo sub-20 2010"]
[Site "Chotowa POL"]
[Date "2010.08.06"]
[Round "4.14"]
[White "Hovhannisyan, Robert"]
[Black "Fernandez, Daniel Howard"]
[Result "1-0"]
[WhiteElo "2529"]
[BlackElo "2401"]
[PlyCount "65"]
[EventDate "2010.08.03"]
[EventType "swiss"]
[EventRounds "13"]
[EventCountry "POL"]
[Source "lmi"]
[SourceDate "2010.08.03"]

1. e4 e6 2. d4 d5 3. Nc3 Nf6 4. Bg5 Bb4 5. e5 h6 6. Bd2 Bxc3 7. bxc3 Ne4 8. Qg4
Kf8 9. Qf4 c5 10. Bd3 Nxd2 11. Qxd2 Nc6 12. Nf3 Qa5 13. dxc5 Qxc5 14. O-O b6
15. Rab1 Bb7 16. Rb5 Qa3 17. Rb3 Qe7 18. Re1 Rc8 19. Nd4 Na5 20. Rbb1 Rc5 21.
Qf4 Nc4 22. h3 Bc8 23. Rb5 Bd7 24. Rxc5 bxc5 25. Bxc4 g5 26. Qf6 Qxf6 27. exf6
dxc4 28. Nf3 Ba4 29. Rb1 Kg8 30. Ne5 Bxc2 31. Rb7 Bg6 32. Nxg6 fxg6 33. Rxa7
1-0

[Event "Campeonato del Mundo sub-20 2010"]
[Site "Chotowa POL"]
[Date "2010.08.06"]
[Round "4.16"]
[White "Lalith, Babu Musunuri Rohit"]
[Black "Bobula, Mateusz"]
[Result "1-0"]
[WhiteElo "2502"]
[BlackElo "2387"]
[PlyCount "107"]
[EventDate "2010.08.03"]
[EventType "swiss"]
[EventRounds "13"]
[EventCountry "POL"]
[Source "lmi"]
[SourceDate "2010.08.03"]

1. Nf3 d5 2. d4 Nf6 3. c4 e6 4. Nc3 c6 5. Bg5 Nbd7 6. cxd5 exd5 7. e3 Be7 8.
Bd3 O-O 9. Qc2 Re8 10. O-O Nf8 11. h3 Ne4 12. Bxe7 Qxe7 13. Bxe4 dxe4 14. Nd2
f5 15. d5 Qf6 16. Qb3 cxd5 17. Nb5 Re7 18. Qxd5+ Be6 19. Qd4 Qxd4 20. Nxd4 Rc8
21. Nb1 Nd7 22. Nc3 Ne5 23. Rac1 Kf7 24. Ndb5 Rd7 25. Rcd1 Nd3 26. Nxa7 Rc5 27.
Rd2 Bxa2 28. Nxa2 Ra5 29. Nb4 Rxa7 30. Rfd1 Ra4 31. Nxd3 exd3 32. Rxd3 Rxd3 33.
Rxd3 Rb4 34. Rd2 Ke6 35. Rc2 h6 36. Kf1 Rb3 37. Rd2 Ke5 38. Ke2 g5 39. Kd1 f4
40. Kc2 Rb6 41. Kd1 Rb3 42. Kc2 Rb6 43. exf4+ Kxf4 44. Kc3 Rc6+ 45. Kb4 Ke4 46.
Kb5 Ke5 47. b4 Ke4 48. Rd7 Rc2 49. Rf7 Rb2 50. g4 Rb3 51. f3+ Ke5 52. Kc5 b6+
53. Kc4 Rb1 54. Rh7 1-0

[Event "Campeonato del Mundo sub-20 2010"]
[Site "Chotowa POL"]
[Date "2010.08.06"]
[Round "4.17"]
[White "Piorun, Kacper"]
[Black "Andersen, Mads"]
[Result "1/2-1/2"]
[WhiteElo "2499"]
[BlackElo "2382"]
[PlyCount "107"]
[EventDate "2010.08.03"]
[EventType "swiss"]
[EventRounds "13"]
[EventCountry "POL"]
[Source "lmi"]
[SourceDate "2010.08.03"]

1. c4 Nf6 2. Nc3 e5 3. g3 Bb4 4. Bg2 O-O 5. Nf3 Nc6 6. O-O e4 7. Ne1 Bxc3 8.
dxc3 h6 9. Nc2 Re8 10. Ne3 b6 11. f3 exf3 12. Bxf3 Rb8 13. Nd5 Ne5 14. Bf4
Nxf3+ 15. exf3 Nxd5 16. cxd5 d6 17. Qd4 Re2 18. Qd3 Qe7 19. Rf2 Rxf2 20. Kxf2
Qf6 21. Qc4 Qd8 22. Re1 a5 23. a4 Bd7 24. Qd4 b5 25. axb5 Bxb5 26. Ra1 a4 27.
c4 Bd7 28. Bd2 c5 29. dxc6 Bxc6 30. Bc3 Qb6 31. Rd1 Be8 32. Ke2 Qxd4 33. Rxd4
Rb6 34. Rg4 g5 35. Re4 Bc6 36. Rd4 Bb7 37. c5 dxc5 38. Rxa4 Ba6+ 39. Kf2 f6 40.
Ra5 Rc6 41. Bd2 Bd3 42. Ke3 Bg6 43. Ra7 Bf7 44. h4 gxh4 45. gxh4 h5 46. Kf4 Kg7
47. Kf5 c4 48. Bh6+ Kg8 49. Bd2 Kg7 50. Bc3 Rc5+ 51. Kf4 Rc6 52. Ra5 Kg6 53.
Ra1 Be6 54. Rg1+ 1/2-1/2